000
00238nam a2200109Ia 4500
008
221030s9999 xx 000 0 und d
245
0
_a
Digitalisation
260
_b
HDFC
_a
Jammu
_c
2016
300
_a
34
650
_a
Management
942
_c
TH
999
_c
17827
_d
17827